| 000 | 00780cam a22002295a 4500 | ||
|---|---|---|---|
| 001 | 15434648 | ||
| 005 | 20090303095720.0 | ||
| 008 | 080902s2008 nyu 000 0 eng | ||
| 010 | _a 2008936482 | ||
| 020 | _a9783540884040 (hardcover) | ||
| 040 |
_aDLC _cDLC |
||
| 082 |
_220 _a624.151 _bGRO |
||
| 245 | 0 | 0 |
_aGroundwater geophysics : _ba tool for hydrogeology / _c[edited by] Reinhard Kirsch. |
| 250 | _a2nd ed. | ||
| 260 |
_aNew York : _bSpringer, _c2008. |
||
| 263 | _a0809 | ||
| 300 |
_a548 p: _bill; _c22cm. |
||
| 500 | _aIncludes Index. | ||
| 942 |
_2ddc _cBB |
||
| 999 |
_c11175 _d11175 |
||